000 00891nam a22002417a 4500
999 _c22464
_d22464
003 AR-CdUCM
008 190319b ||||| |||| 00| 0 spa d
020 _a9786124242397
040 _aMUNICIPALIDAD PROVINCIAL DEL CUSCO
_cBIBLIOTECA MUNICIPAL DEL CUSCO
082 _a616.994/V23D
_bV23D
100 _aVallejos Sologuren, Carlos Santiago
_948260
245 _aDerrotando al cáncer :
_breseña histórica de la oncología médica en el Perú /
_cCarlos Vallejos Sologuren
260 _aLima :
_bUniversidad Peruana Cayetano Heredia,
_c2019.
300 _a254 páginas. :
_bil. (algunas col.), retrs. ;
_c24 cm.
500 _zBibliografía: p. [247]-254.
650 _aOncología
_948261
650 _aCáncer
_948262
650 _aTratamiento
_920821
650 _aInvestigación
_91940
710 _aUniversidad Peruana Cayetano Heredia
_948263
942 _2ddc
_cLIBROS
945 _arac